| 000 | 003690000a22001090004500 | ||
|---|---|---|---|
| 090 |
_aAS _bSeriadas |
||
| 245 | 1 | 0 | _aGramineas de la colección José Celestino Mutis en el Herbario del Real Jardín Botánico de Madrid |
| 041 | 0 | _aEspañol | |
| 100 | 1 |
_aPinto Escobar, Polidoro _912161 |
|
| 942 | _cARTICULO | ||
| 773 | 1 |
_tMutisia: Acta Botánica Colombiana _3893 _h62 _q1-8 _d1985 |
|
| 999 |
_c15300 _d15300 |
||